| 000 | 01077nam a2200253 a 4500 | ||
|---|---|---|---|
| 001 | 15379 | ||
| 003 | CO-ViMGA | ||
| 008 | 141112s2004 ck r 000 u spa d | ||
| 020 | _a3322997 | ||
| 040 |
_aCO-ViMGA _bspa _cCO-ViMGA |
||
| 082 | 0 | 4 | _a398.0986 P177m |
| 100 | 1 |
_aPatronato Colombiano de artes y Ciencias ; Fundación Joaquin Piñeros Corpas - Junta Nacional del folclor, _922353 |
|
| 245 | 1 | 0 | _aManual de danzas folcloricas de la zona Andina de Colombia |
| 260 |
_aBogotá, _cMinisterio de Cultura, _c2000 |
||
| 300 | _a383.p.il.fotos | ||
| 500 | _aContiene CD y VIDEO . | ||
| 505 | _aDanzas - Cundinamarca Danzas - Boyaca Danzas - Tolima Danzas - Santander Danzas - Antioquia Danzas - Llanos Orientales Danzas - Caldas Danzas colombianas Trajes típicos de Colombia - Fotografias | ||
| 650 | 1 | 4 |
_aCOREOGRAFIAS - REGION ANDINA - COLOMBIA _922354 |
| 650 | 1 | 4 |
_aDANZAS POPULARES - MANUALES _922355 |
| 650 | 1 | 4 |
_aFOLCLOR - COLOMBIA _914992 |
| 650 | 1 | 4 |
_aREGION ANDINA - FOLCLOR - COLOMBIA _922356 |
| 650 | 1 | 4 |
_aTRAJES TIPICOS DE COLOMBIA _922357 |
| 942 |
_2ddc _cBK |
||
| 999 |
_c25715 _d25715 |
||